Understanding oral literature / (Record no. 886)
| 000 -LEADER | |
|---|---|
| fixed length control field | 00688nam a22002177a 4500 |
| 003 - CONTROL NUMBER IDENTIFIER | |
| control field | OSt |
| 005 - DATE AND TIME OF LATEST TRANSACTION | |
| control field | 20140116120840.0 |
| 008 - FIXED-LENGTH DATA ELEMENTS--GENERAL INFORMATION | |
| fixed length control field | 120310t xxu||||| |||| 00| 0 eng d |
| 020 ## - INTERNATIONAL STANDARD BOOK NUMBER | |
| International Standard Book Number | 97899966846310 |
| 050 ## - LIBRARY OF CONGRESS CALL NUMBER | |
| Classification number | PN921.U52 1994 |
| 245 ## - TITLE STATEMENT | |
| Title | Understanding oral literature / |
| Statement of responsibility, etc | Edited by Austin Bukenya, Wanjiku M. Kabira and Okoth Okombo |
| 260 ## - PUBLICATION, DISTRIBUTION, ETC. (IMPRINT) | |
| Place of publication, distribution, etc | Nairobi : |
| Name of publisher, distributor, etc | Nairobi University Press , |
| Date of publication, distribution, etc | 1994 . |
| 300 ## - PHYSICAL DESCRIPTION | |
| Extent | 101 p. |
| 504 ## - BIBLIOGRAPHY, ETC. NOTE | |
| Bibliography, etc | Includes bibliographical references. |
| 650 ## - SUBJECT ADDED ENTRY--TOPICAL TERM | |
| Topical term or geographic name as entry element | Folk literature |
| Form subdivision | Study and teaching |
| 650 ## - SUBJECT ADDED ENTRY--TOPICAL TERM | |
| Topical term or geographic name as entry element | Folk literature |
| Geographic subdivision | African. |
| 700 ## - ADDED ENTRY--PERSONAL NAME | |
| Personal name | Bukenya, Austin. |
| 700 ## - ADDED ENTRY--PERSONAL NAME | |
| Personal name | Kabira, Wanjiku M. |
| 700 ## - ADDED ENTRY--PERSONAL NAME | |
| Personal name | Okombo, Okoth. |
| 942 ## - ADDED ENTRY ELEMENTS (KOHA) | |
| Source of classification or shelving scheme | |
| Koha item type | Book |
| Withdrawn status | Lost status | Source of classification or shelving scheme | Damaged status | Not for loan | Home library | Current library | Date acquired | Source of acquisition | Total Checkouts | Total Renewals | Full call number | Barcode | Date last seen | Date checked out | Copy number | Price effective from | Koha item type |
|---|---|---|---|---|---|---|---|---|---|---|---|---|---|---|---|---|---|
| Riara University Library | Riara University Library | 10/03/2012 | Purchase | 5 | 3 | PN921.U52 1994 | 3084/11 | 02/07/2014 | 13/06/2014 | C.1 | 10/03/2012 | Book | |||||
| Riara University Library | Riara University Library | 10/03/2012 | Purchase | 2 | PN921.U52 1994 | 3086/11 | 11/09/2015 | 07/09/2015 | C.2 | 10/03/2012 | Book | ||||||
| Riara University Library | Riara University Library | 10/03/2012 | Purchase | 3 | 2 | PN921.U52 1994 | 3085/11 | 03/09/2016 | 16/08/2016 | C.3 | 10/03/2012 | Book |
